| 000 | 00638nam a2200181Ia 4500 | ||
|---|---|---|---|
| 008 | 090630s9999 xx 000 0 und d | ||
| 082 | _b20169 | ||
| 100 | _aगाला ध. रा. | ||
| 245 |
_aस्थुलतेतून स्फुर्तीकडे. _cगाला ध. रा. |
||
| 260 |
_bनवनीत. _c2001 |
||
| 300 | _a160 | ||
| 600 | _aगाला ध. रा. | ||
| 630 | _aस्थुलतेतून स्फुर्तीकडे. | ||
| 655 | _aइतर. | ||
| 700 | _aगाला ध. रा. | ||
| 730 | _aस्थुलतेतून स्फुर्तीकडे. | ||
| 942 | _cBOOK | ||
| 999 |
_c272025 _d272025 |
||